000 01989cam a22004574i 4500
003 PE-LiUPU
005 20250731173412.0
008 150706s2002 ck r 000 0 spa d
020 _a996898549X
035 _a(Sirsi) i9789968985499
040 _aPE-LiUPU
_bspa
_cPE-LiUPU
_erda
049 _aPRUA
082 0 4 _a221.92
_bH97
_221
100 1 _aHussey, Leonardo R.,
_eautor.
245 1 3 _aEl profeta Eliseo :
_bmodelo de un hombre de Dios /
_cLeonardo R. Hussey.
264 1 _aColombia :
_bDesarrollo Cristiano Internacional,
_c2002.
300 _a208 páginas ;
_c21 centímetros
336 _atext
_2rdacontent
337 _aunmediated
_2rdamedia
338 _avolume
_2rdacarrier
505 0 _aFondo histórico -- El hombre y su llamamiento. Inicia la tarea -- Escuelas de profetas -- La traslación -- Comienza el ministerio -- El profeta y los milagros -- Bendición y maldición -- Eliseo actúa en asuntos del Estado -- El aceite de la viuda -- La mujer de Sunem -- Vida, muerte y resurrección -- Sirviendo a sus alumnos -- Naamán sanado de su lepra -- El seminario se expande -- El sitio de Samaria -- Las misiones finales Enfermedad, muerte y vida.
526 _aSEG42
526 _aSEG41
526 _aSEG40
526 _aSEG39
526 _aP94
526 _aP87
526 _aP86
526 _aP85
526 _aP77
526 _aP76
526 _aP35
541 _g001-0000558;
650 0 4 _aEliseo
_xProfeta.
910 _agl20111128
942 _2ddc
_cBOOK
949 _a221.92 H97
_wDEWEY
_c1
_i64084
_lCCODEBUL1
_mBUL
_p13.00
_r0
_sY
_tBOOK
_u2015-7-6
_xTEOLOGIA
_PP35
_o.STAFF. Colección General
994 _aC0
_bPEPRU
596 _a1
999 _a221.92 H97
_wDEWEY
_c52925
_i64084
_d52925
_e2015-11-25
_f2021-11-9
_g6
_lCCODEBUL1
_mBUL
_n2
_p13.00
_r0
_sY
_tBOOK
_u2015-7-6
_xTEOLOGIA
_PP35
_0COMPRA
_o.STAFF. Colección Teología
980 _81
_gALBERTO SANCHEZ Responsable de Automatización